000 00306nam a22001217a 4500
999 _c15293
_d15293
020 _a81-239-0401-0
082 _a621.9
_bCHA/WO
100 _aChapman, W. A. J
_92566
245 _aWorkshop technology: Part 1 An introductory course
250 _a5
260 _aNew Delhi
_bCBS Publishers
_c2001
942 _cBK